000 00581nam a2200193Ia 4500
003 GCL
008 140319s9999 xx 000 0 ara d
040 _aGCL /
_cGCL
082 0 4 _a371.3
_bح ف
100 1 _aحامد عمار
245 1 0 _aفى تطوير القيم التربويه:راى اخر /
_cحامد عمار
260 _a[S.N] :
_bدار سعاد الصباح ،
_c1992
300 _a293ص
490 _aدراسات
_v0
650 0 4 _aالتربية
650 0 4 _aالتخطيط التربوى
650 0 4 _aالنظريات الواقعية
942 _2ddc
_cBK
999 _c50649
_d50649